Trouver 10 joueur de foot en 40 secondes - Statistiques

Statistiques générales
  • Ce quiz a été pris 401 fois
  • Le résultat moyen est 5 sur 10
Statistiques - réponses
Réponse % Correct
3 Messi
98%
2 Ronaldo
97%
5 Mbappé
82%
10 Neymar
77%
1 Zidane
39%
4 Griezmann
35%
6 Pogba
31%
7 Kanté
25%
9 Lloris
21%
8 Thierry
1%
Aucun quiz correspondant
Distribution des résultats
% des personnes avec chaque résultat
Percentile par nombre de réponses
Votre historique - résultats
Vous n’avez pas pris ce quiz